<?xml version="1.0" encoding="UTF-8"?>
<marc:record xmlns:marc="http://www.loc.gov/MARC21/slim">
   <marc:leader>00000nam a2200000 a 4500</marc:leader>
   <marc:datafield ind1=" " ind2=" " tag="653">
      <marc:subfield code="a">Gesunde Ernährung</marc:subfield>
   </marc:datafield>
   <marc:datafield ind1="0" ind2="0" tag="245">
      <marc:subfield code="a">Montignac-Familien-Rezepte preiswert &amp; schnell</marc:subfield>
   </marc:datafield>
   <marc:datafield ind1="0" ind2="0" tag="245">
      <marc:subfield code="b">nach dem Glyx</marc:subfield>
   </marc:datafield>
   <marc:datafield ind1=" " ind2="1" tag="264">
      <marc:subfield code="b">Artulen Offenburg</marc:subfield>
      <marc:subfield code="c">2006</marc:subfield>
   </marc:datafield>
   <marc:datafield ind1="1" ind2=" " tag="520">
      <marc:subfield code="a">Neuste Erkenntnisse der Ernährungswissenschaft zeigen: Durch eine einfache Ernährungsumstellung nach dem glykämischen Index (GI/GLYX) wird Übergewicht vermieden und ernährungsbedingtem Diabetes Typ II sowie Herz-Kreislauf-Erkrankungen vorgebeugt.Essen Sie sich schlank!Über 100 preiswerte, schnelle und vor allem leckere Rezepte des Erfolgsautors Michel Montignac nach seiner Devise - essen und dabei abnehmen - werden Ihre Familie begeistern.Raffinierte Frühstücksideen, pikante Dips, deftige Suppen, knackige Salate, abwechslungsreiche Hauptgerichte und köstliche Desserts laden zum genussvollen Schlemmen ein - und das beste ist - man kann dabei sogar abnehmen.Entdecken Sie die vitalstoffreiche Küche nach der Montignac-Methode und kochen auch Sie nach dem neuesten Trend der Ernährungswissenschaft. Schlemmen Sie sich mit diesen neuartigen, ausgewogenen gesunden Rezepten schlank und fit.</marc:subfield>
   </marc:datafield>
   <marc:datafield ind1=" " ind2=" " tag="020">
      <marc:subfield code="a">9783930989195</marc:subfield>
      <marc:subfield code="9">9783930989195</marc:subfield>
   </marc:datafield>
</marc:record>
